TuLu anuvAda sAhitya (Record no. 142880)

MARC details
000 -LEADER
fixed length control field 00436nam a2200181Ia 4500
008 - FIXED-LENGTH DATA ELEMENTS--GENERAL INFORMATION
fixed length control field 210210b2008 xxu||||| |||| 00| 0 eng d
041 ## - LANGUAGE CODE
Language code of text/sound track or separate title eng
082 ## - DEWEY DECIMAL CLASSIFICATION NUMBER
Classification number T494.802 ARUT
100 ## - MAIN ENTRY--PERSONAL NAME
Personal name ARUNAKUMAR (Es Ar)
245 ## - TITLE STATEMENT
Title TuLu anuvAda sAhitya
260 ## - PUBLICATION, DISTRIBUTION, ETC.
Place of publication, distribution, etc. MangaLuru
Name of publisher, distributor, etc. Karnataka Tulu Sahitya Akademi
Date of publication, distribution, etc. 2008
300 ## - PHYSICAL DESCRIPTION
Extent 46
650 ## - SUBJECT ADDED ENTRY--TOPICAL TERM
Topical term or geographic name entry element TuLu
650 ## - SUBJECT ADDED ENTRY--TOPICAL TERM
Topical term or geographic name entry element sAhitya
650 ## - SUBJECT ADDED ENTRY--TOPICAL TERM
Topical term or geographic name entry element anuvAda
690 ## - LOCAL SUBJECT ADDED ENTRY--TOPICAL TERM (OCLC, RLIN)
Topical term or geographic name as entry element Tulu Language
906 ## - LOCAL DATA ELEMENT F, LDF (RLIN)
a 064679
Holdings
Withdrawn status Lost status Damaged status Not for loan Collection code Home library Current library Shelving location Date acquired Source of acquisition Cost, normal purchase price Total Checkouts Full call number Barcode Date last seen Price effective from Koha item type
        Tulu St Aloysius Library St Aloysius Library   02/17/2021 Laxmeesha Prakashana, Bantwala-574231 30.00   T494.802 ARUT 064679 02/17/2021 02/17/2021 Book